Guess the Anime by Pic. - Statistics

General Stats
  • This quiz has been taken 200 times
  • The average score is 8 of 12
Answer Stats
Picture Answer % Correct
One Piece
99%
Sailor Moon
95%
Jujutsu Kaisen
93%
Hunter X Hunter
90%
Dragon Ball Z
85%
The Promised Neverland
85%
Seven Deadly Sins
83%
Assassination Classroom
69%
Delicious in Dungeon.
49%
Pokemon Horizons
11%
The Four Knights of the Apocalypse
6%
The Misfit of the Demon King Academy
4%
No matching quizzes found
Score Distribution
Percent of People with Each Score
Percentile by Number Answered
Your Score History
You have not taken this quiz